Guess the Taylor swift song no hints #3 - Statistics

General Stats
  • This quiz has been taken 77 times
  • The average score is 251 of 318
Answer Stats
Answer % Correct
a
100%
and
100%
And
100%
I
100%
you
100%
You
100%
me
98%
is
96%
the
96%
in
94%
In
94%
it
94%
Your
94%
you're
92%
go
90%
love
90%
my
90%
on
90%
this
90%
This
90%
what
90%
When
90%
to
88%
good
86%
were
86%
bad
84%
But
84%
of
84%
oh
84%
Oh
84%
had
82%
from
80%
just
80%
back
78%
came
73%
could
73%
will
71%
let
69%
up
69%
dead
67%
free
67%
These
67%
never
65%
with
65%
alive
63%
gone
63%
hands
63%
time
63%
come
61%
dark
61%
out
61%
leave
59%
left
59%
night
59%
water
59%
glowing
57%
permanent
57%
blue
55%
Clear
55%
watched
55%
mark
53%
need
53%
again
51%
dreams
51%
kiss
51%
young
51%
cheek
49%
dreamed
49%
knees
49%
showed
49%
silent
49%
still
49%
fell
47%
High
45%
run
45%
ships
45%
sinking
45%
wildest
45%
only
43%
tide
43%
brought
41%
losing
41%
new
41%
screams
41%
smile
41%
Skies
39%
someone
39%
burning
37%
ghost
37%
grip
37%
through
37%
Currents
35%
darker
35%
grew
35%
Struggled
33%
Turning
33%
swept
31%
Lantern
29%
Tossing
29%
Flickered
27%
No matching quizzes found
Score Distribution
Percent of People with Each Score
Percentile by Number Answered
Your Score History
You have not taken this quiz